000 00270nam a22001337a 4500
008 180111b xxu||||| |||| 00| 0 eng d
020 _a9781938245114
041 _aeng
080 _a610
100 _a4
101 _aSHM
245 _aMKSAP 16
_cACP
942 _2udc
_cBK
999 _c40141
_d40141